Oasis Super Fan Quiz - Statistics

General Stats
  • This quiz has been taken 322 times
  • The average score is 6 of 14
Answer Stats
Question Answer % Correct
Before Noel joined the band, what was the band’s original name called? The Rain
81%
When was their debut album released? (Month and Year) August 1994
76%
What colour are Noel’s glasses in the music video for Dont look back in anger? Red
68%
Who was their first drummer? Tony McCarroll
67%
How many number one hits have Oasis had? 8
64%
What was their first number one single? Some Might Say
62%
On the cover album for Be Here Now, what is in the pool? Rolls Royce
46%
“If I may be so bold that I just say something” are the opening lyrics for which song? The Girl in the Dirty Shirt
32%
What is the name of the documentary released in 2016? Oasis: Supersonic
28%
What is the street called on the cover of the album (Whats the Story) Morning Glory? Berwick Street
20%
When was Liam Gallagher born? (Day, Month and Year) 21st September 1972
13%
When was Noel Gallagher born? (Day, Month and Year) 29th May 1967
10%
Where did Oasis play their first gig? The Boardwalk Club
10%
Where did Oasis last perform live? Weston Park
2%
No matching quizzes found
Score Distribution
Percent of People with Each Score
Percentile by Number Answered
Your Score History
You have not taken this quiz